01795 2200337 4500001002100000005001500021035002000036007000300056008004100059020001800100082001400118084002000132100002500152245013200177250002000309300003900329700002600368700002600394502080800420264004301228336002101271337003001292338002301322650000901345600002301354990001601377990001601393990001601409990001601425990001601441INLIS00000000000027220260430024011 a0010-0426000271ta260430 b 0 ind  a9786231355638 a306.09598 a306.09598 NUS s0 aNusa, RB.ePengarang1 aSerial ragam pesona Nusantara Aceh : Agam dan kisah Masjid Baiturrahman /cRB. Nusa ; editor, Tim Hikam ; ilustrator, Tim Hikam aCetakan Pertama a32 halaman :bilustrasi ;c23,5 cm0 aTim hikamePenyunting0 aTim hikameIlustrator aDewasa ini kesadaran dari putra-putri komponen anak bangsa mulai terkikis dan teralihkan ke visual digital pesawat genggam, budaya dan alam Nusantara yang seharusnya dilestarikan dan dijaga, menunjukkan indikasi ke arah yang semakin menurun. Bangsa Indonesia merupakan negara dengan beragam budaya dan kekayaan alam, budaya-budaya lokal yang ada di Nusantara muncul dan eksis terlebih dulu, sedangkan budaya bangsa muncul setelahnya. Kekayaan budaya dan Alam Nusantara ini menjadi situs budaya leluhur yang bernilai tinggi dan wajib diwariskan ke setiap generasi Bangsa. Dengan demikian, sudah seharusnya sebagai generasi Bangsa wajib menjaga dan melestraikannya supaya Budaya dan Alam Nusantara tersebut menjadi situs turun temurun bagi Bangsa ini. semoga menginspirasi bagi kita semua, salam literasi. aYogyakarta :bHikam Media Utama,c2023 2rdacontentaTeks 2rdamediaaTanpa Perantara 2rdacarrieraVolume 4aAceh 4aBacaan Kanak-kanak aAT000521/25 aNM000395/25 aPT000804/25 aPP000790/25 aPP000791/25